000 00690nam a2200193 a 4500
001 000022217
005 20200930011632.0
008 100920s1986 dr 000 0 spa d
040 _aDO-SdBNP
_bspa
_cBNPHU
082 _a330.97293
_bG956d
100 1 _aGuiliani Cury, Hugo
_96465
245 1 0 _aDiscursos y entrevistas del Gobernador del Banco Central /
_cHugo Guiliani Cury.
260 _aSanto Domingo :
_bBanco Central de la República Dominicana,
_c1986.
300 _a212 p. ;
_c23 cm.
600 1 4 _aGUILIANI CURY, HUGO,
_xENTREVISTAS
_945952
650 4 _aDiscursos
_96584
651 4 _aRepública Dominicana
_xCondiciones Económicas
_xEnsayos, Conferencias, Etc
_92598
049 _aBNPD
999 _c21715
_d21715